LEADER 01199nam a2200265 i 4500 001 000000152647 003 CaOOAMICUS 005 20060828000000.0 008 060828s1974 it u000 u ita u 013 $a129988 040 $aSeMil$bita 100 1 $aDernburg, Thomas F.$0(OLS)http://semarc/name/59840 245 10$aMacroeconomia /$cThomas F. Dernburg, Duncan M. McDougall. Appendice 2. : La contabilità economica nazionale in Italia / a cura di Luigi Frey. 250 $a2. ed. 260 $aMilano :$bEtas Libri,$ccopyr. 1974. 300 $a471 p. :$bgrafici :$bformule matematiche ;$c21 cm. 490 0 $aTesti universitari. Scienze economiche e statistiche ;$v20 700 1 $aFrey, Luigi.$0(OLS)http://semarc/name/52655 700 1 $aMcDougall, Duncan M.$0(OLS)http://semarc/name/59841 830 0$aTesti universitari. Scienze economiche e statistiche ;$v20.$0(OLS)http://semarc/title/21455 850 $aSeMil 852 $aSeMil$W1$xVenegono$y1$m3M III 68$j104597$B104597$CSeMilBibl$Z2$F116379 $81 961 $aOmaggio: Gualerni don Gualberto 996 $6245$aMacroeconomia$9(OLS)http://semarc/title/223184 996 $6260$aMilano :$bEtas Libri$9(OLS)http://semarc/publisher/33032 LEADER 01001nam a2200253 i 4500 001 000000136855 003 CaOOAMICUS 005 20050401000000.0 008 050401s1989 it u000 u ita u 013 $a110574 020 $a88-18-58020-5 040 $aSeMil$bita 100 1 $aAlberoni, Rosa Giannetta <1945- >.$0(OLS)http://semarc/name/42161 245 12$aL'orto del paradiso :$bromanzo /$cRosa Giannetta Alberoni. 260 $aMilano :$bRusconi,$c1989. 300 $a695 p. ;$c24 cm. 500 $aIn preliminari : Dedica autografa dell'Autrice al Card. C.M. Martini. - Fondo Card. C.M. Martini. 850 $aSeMil 852 $aSeMil$W1$xVenegono$y1$m1B V 174$j243681$B90437$CSeMilBibl$Z2$F95275 $81 941 1 $a4 961 $aOmaggio: Martini Card. Carlo Maria 996 $6020$a88-18-58020-5$9(OLS)http://semarc/number/124460 996 $6245$aL'orto del paradiso :$bromanzo$9(OLS)http://semarc/title/199964 996 $6260$aMilano :$bRusconi$9(OLS)http://semarc/publisher/30258 LEADER 01053nam a2200265 i 4500 001 000000191097 003 CaOOAMICUS 005 20150629000000.0 008 150629s1914 it u000 u ita u 013 $a169587 040 $aSeMil$bita 100 1 $aCroce, Benedetto,$d<1866-1952>.$0(OLS)http://semarc/name/618 245 10$aCultura e vita morale :$bintermezzi polemici /$cBenedetto Croce. 260 $aBari :$bLaterza,$c1914. 300 $a224 p. ;$c21 cm. 490 0 $aBiblioteca di cultura moderna ;$v69 500 $aFondo card. Giovanni Colombo. 650 4$aLetteratura e filosofia.$0(OLS)http://semarc/subject/10200 830 0$aBiblioteca di cultura moderna ;$v69.$0(OLS)http://semarc/title/639 850 $aSeMil 852 $aSeMil$W1$xVenegono$y1$m3GC III 261$j141711$B141711$CSeMilBibl$Z2$F153272 $8B 941 1 $a3 961 $aLascito: Colombo Card. Giovanni 996 $6245$aCultura e vita morale :$bintermezzi polemici$9(OLS)http://semarc/title/108759 996 $6260$aBari :$bLaterza$9(OLS)http://semarc/publisher/29858